Nonlinear evolution equations : integrability and spectral methods
Saved in:
| Other Authors: | , , |
|---|---|
| Format: | Book |
| Language: | English |
| Published: |
Manchester, UK ; New York ; New York, NY, USA :
Manchester University Press : Distributed exclusively in the USA and Canada by St. Martin's Press,
c1990.
|
| Series: | Proceedings in nonlinear science
|
| Subjects: | |
| Tags: |
Add Tag
No Tags, Be the first to tag this record!
|
MARC
| LEADER | 00000cam a2200000 i 4500 | ||
|---|---|---|---|
| 001 | 1/42131 | ||
| 008 | 941103s1990####enk| ||| |||| ||eng|| | ||
| 020 | |a 0719032733 | ||
| 035 | |l 10041683 | ||
| 035 | |a 1993 |c ΣΕΙΜΕΝΗΣ | ||
| 040 | |a GR-MyUA |b gre |e AACR2 | ||
| 041 | 0 | |a eng | |
| 082 | 0 | |a 515.353 |2 (20) | |
| 245 | 1 | 0 | |a Nonlinear evolution equations : |b integrability and spectral methods / |c edited by A. Degasperis, A.P. Fordy, and M. Lakshmanan. |
| 260 | |a Manchester, UK ; |a New York ; |a New York, NY, USA : |b Manchester University Press : |b Distributed exclusively in the USA and Canada by St. Martin's Press, |c c1990. | ||
| 300 | |a 619 σ. : |b εικ. ; |c 24 εκ. | ||
| 490 | 1 | |a (Proceedings in nonlinear science) | |
| 504 | |a Περιέχει βιβλιογραφικές αναφορές και ευρετήριο. | ||
| 650 | 0 | 0 | |a Evolution equations, Nonlinear. |
| 650 | 0 | 0 | |a Spectral theory (Mathematics) |
| 700 | 1 | |a Degasperis, Antonio, |e edt | |
| 700 | 1 | |a Fordy, Allan P. |e edt | |
| 700 | 1 | |a Lakshmanan, M. |q (Muthusamy) |e edt | |
| 830 | 0 | |a Proceedings in nonlinear science | |
| 852 | |a INST |b SAMOS |e 19941103 |h 515.353 NON |p 005300003803 |q 005300003803 |t BK |y 0 | ||
| 909 | |a Σ |b 025335 | ||